Loading...
Literature - British Literature | 2 | 2 | 1 | 0 | 45 | 35 | 72.50 | 0 | 3 |
Science - Biology | 0 | 5 | 1 | 0 | 45 | 79 | 98.20 | 0 | 2 |
Beliefs | 0 | 4 | 0 | 1 | 40 | 92 | 114.75 | 0 | 3 |
Visual Arts | 0 | 3 | 0 | 2 | 30 | 97 | 122.00 | 0 | 1 |
Literature - American Literature | 0 | 3 | 0 | 0 | 30 | 80 | 109.00 | 0 | 1 |
Auditory Arts | 0 | 3 | 1 | 1 | 25 | 90 | 119.00 | 0 | 0 |
History - American History | 0 | 2 | 0 | 1 | 20 | 123 | 126.00 | 0 | 0 |
Fine Arts - Other Arts | 0 | 2 | 0 | 1 | 20 | 134 | 136.00 | 0 | 0 |
Literature - European Literature | 0 | 2 | 0 | 0 | 20 | 108 | 121.50 | 0 | 0 |
Social Science | 0 | 2 | 0 | 0 | 20 | 85 | 94.00 | 0 | 1 |
History - Ancient History | 1 | 1 | 1 | 0 | 20 | 58 | 92.00 | 2 | 2 |
Literature - World Literature | 0 | 2 | 1 | 0 | 15 | 100 | 101.00 | 0 | 0 |
History - World History | 1 | 0 | 0 | 0 | 15 | 35 | 35.00 | 0 | 0 |
Philosophy | 0 | 1 | 0 | 1 | 10 | 134 | 134.00 | 0 | 0 |
Current Events | 0 | 1 | 0 | 0 | 10 | 107 | 107.00 | 0 | 1 |
History - European History | 0 | 0 | 2 | 0 | -10 | 0.00 | 0 | 0 |